|
|
|
|
| LEADER |
00000nam a2200000 a 4500 |
| 001 |
vtls009469662 |
| 003 |
SK-MaSNL |
| 005 |
20260301043117.0 |
| 008 |
130117s2008 xo f u 000 0 slo |
| 015 |
|
|
|a SNBN2009/03-00824
|
| 020 |
|
|
|c (cen. skup. 10)
|
| 040 |
|
|
|a SNK
|b slo
|c SNK
|e AACR2
|
| 041 |
1 |
|
|a slo
|h eng
|
| 044 |
|
|
|a xo
|c SK
|
| 046 |
|
|
|a s
|m 200811 (účin.)
|
| 072 |
|
7 |
|a 542
|x Praktická laboratórna chémia. Preparatívna a experimentálna chémia
|2 konspekt
|
| 084 |
|
|
|a 59.140.30
|2 ICS
|
| 130 |
0 |
|
|a STN 79 3881 (STN EN ISO 17226-1)
|9 347418
|
| 245 |
1 |
0 |
|a STN EN ISO 17226-1: 2008 (79 3881), Usne. Chemické skúšky. Stanovenie obsahu formaldehydu
|n Časť 1
|p Metóda s použitím vysokoúčinnej kvapalinovej chromatografie
|
| 246 |
1 |
0 |
|a Usne
|
| 246 |
1 |
0 |
|a Metóda s použitím vysokoúčinnej kvapalinovej chromatografie
|
| 246 |
1 |
0 |
|a Stanovenie obsahu formaldehydu
|
| 246 |
3 |
0 |
|a ISO 17226-1: 2008
|
| 260 |
|
|
|a Bratislava
|b Slovenský ústav technickej normalizácie
|c 2008
|
| 300 |
|
|
|a 12 s.
|c 30 cm
|
| 500 |
|
|
|a Táto norma spolu s STN EN ISO 17226-2 z novembra 2008 nahrádza STN P CEN ISO/TS 17226 z júla 2004 v celom rozsahu
|
| 500 |
|
|
|a Spracovateľ: Miroslav Kočan, Natália Kočanová. Technická komisia: TK 24 Materiály a výrobky kožiarskeho priemyslu
|
| 540 |
|
|
|a Normy sa podľa zákona č. 264/1999 Z. z. nesmú kopírovať
|
| 650 |
0 |
7 |
|a technické normy a štandardy
|z Slovensko
|2 SNKPH
|9 79594
|
| 650 |
0 |
7 |
|a technické normy a štandardy
|z krajiny Európskej únie
|2 SNKPH
|9 289341
|
| 650 |
0 |
7 |
|a usne
|2 SNKPH
|9 318936
|
| 650 |
0 |
7 |
|a kvapalinová chromatografia
|2 SNKPH
|9 74397
|
| 655 |
|
7 |
|a normy
|2 SNKPH
|9 70643
|
| 700 |
1 |
|
|a Kočan, Miroslav
|4 trl
|9 320869
|
| 700 |
1 |
|
|a Kočanová, Natália
|4 trl
|9 309870
|
| 710 |
2 |
|
|a Slovenský ústav technickej normalizácie (Bratislava, Slovensko).
|b Technická komisia č. 24 Materiály a výrobky kožiarskeho priemyslu
|4 stn
|9 321305
|
| 958 |
|
|
|a NB
|
| 958 |
|
|
|a OP
|
| 999 |
|
|
|c 592721
|d 594651
|
| 952 |
|
|
|a SNK
|b SNK
|y PREZ
|7 0
|p 17A0608785
|o snkSTN EN ISO 17226-1
|i snk2009/1825
|8 0
|0 0
|1 0
|4 0
|d 2009-02-06
|l 0
|r 2026-02-23 15:29:31
|w 2026-02-23
|
| 952 |
|
|
|a SNK
|b SNK
|y PREZ
|7 0
|p 17A0608786
|o snkSTN EN ISO 17226-1 D1
|i snk2009/1826
|8 0
|0 0
|1 0
|4 0
|d 2009-02-06
|l 0
|r 2026-02-23 15:29:31
|w 2026-02-23
|
| 952 |
|
|
|a SNK
|b SNK
|y PREZ
|7 0
|p 17A1194524
|o snkSTN EN ISO 17226-1 D2
|i snk2016/11193
|8 3
|g 9.70
|0 0
|1 0
|4 0
|d 2016-05-02
|l 0
|r 2026-02-23 15:29:31
|w 2026-02-23
|